Etiqueta de registo: 00230nam 2200025 450
001 1785967
003 http://id.bnportugal.gov.pt/bib/catbnp/1785967
100 ## $a20110728d1958 m y0pory01030103ba
101 0# $apor
102 ## $aPT
105 ## $ay z 000yy
106 ## $ar
200 1# $aMoção apresentada pelo Conselho Fiscal da Cooperativa Agrícola dos Produtores de Leite
do Concelho de Mafra
210 #9 $aMafra$cC.F.C.A.P.L.C.M.,$dimp. 1958$eMafra :$gTip. Liberty)
215 ## $a16 p.$d22 cm
675 ## $a631.1(469.411)"1958"(042)$vBN$zpor$31539167
710 02 $aCooperativa Agrícola dos Produtores de Leite do Concelho de Mafra$3226052
801 #0 $aPT$bBN$gRPC
966 ## $lBN$mFGMON$sS.A. 150819 V.$x6
997 ## $aBIBEOD
Etiqueta de registo: 00581cam 22001811 450
001 130828
003 http://id.bnportugal.gov.pt/bib/catbnp/130828
005 19991207143900.0
095 ## $aPTBN00136465
100 ## $a19581201d1958 m y0pora0103 ba
101 0# $apor
102 ## $aPT
200 1# $aMoção...1958 Outubro 6$fCooperativa Agrícola dos Produtores de Leite do Concelho de Mafra. Conselho Fiscal
210 #9 $aMafra$cC. A. P. L. C. M.,$d1958
215 ## $a16, [1] p.$d22 cm
675 ## $a33$vmed$zpor$3288024
710 02 $aCooperativa Agrícola dos Produtores de Leite do Concelho de Mafra$3226052
801 #0 $aPT$bBN$gRPC
966 ## $lBN$mFGMON$sS.C. 19046 P.
997 ## $aBIBEOD
Etiqueta de registo: 00725cas 02200229 04500
001 50612
003 http://id.bnportugal.gov.pt/bib/catbnp/50612
005 20010831153800.0
095 ## $aPTBN00051934
100 ## $a20010831b19581961m y0pora01030103ba
101 0# $apor
102 ## $aPT
106 ## $ar
110 ## $acfazz 0uu0
200 1# $aMafra agrícola$eboletim informativo da Cooperativa Agrícola dos Produtores de Leite do Concelho
207 #0 $aA. 1, nº 1 (jan. 1958) - a. 4, nº 40 (mar. 1961)
210 #9 $aMafra$cCooperativa Agrícola dos Produtores de Leite,$d1958-1961
215 ## $d31 cm
326 ## $aMensal
606 ## $aAgricultura$2SIPOR$310283
620 ## $dMafra
675 ## $a334.6:637.1(469.411.19)(05)$vmed$zpor$3306564
712 02 $aCooperativa Agrícola dos Produtores de Leite do Concelho de Mafra$4650$3226052
801 #0 $aPT$bBN$gRPC
856 40 $2Cópia digital disponibilizada em linha pelo Arquivo Municipal de Mafra$uhttps://arquivo.cm-mafra.pt/details?id=447634
966 ## $lBN$mFGJOR$p {ºd$sJ. 616 P.
Etiqueta de registo: 00567cam 22001811 450
001 295766
003 http://id.bnportugal.gov.pt/bib/catbnp/295766
005 19981228000000.0
095 ## $aPTBN00307712
100 ## $a19610401d1961 em y0pora0103 ba
101 0# $apor
102 ## $aPT
200 1# $aTítulo de constituição e estatutos$e1950$fCooperativa Agrícola dos Produtores de Leite do Concelho de Mafra
210 #9 $aMafra$c[s.n.],$d1961
215 ## $a28 p.$d21 cm
675 ## $a33$vmed$zpor$3288024
710 02 $aCooperativa Agrícola dos Produtores de Leite do Concelho de Mafra$3226052
801 #0 $aPT$bBN$gRPC
966 ## $lBN$mFGMON$sS.C. 20938 P.
997 ## $aBIBEOD
Etiqueta de registo: 00000nkm 2200025 450
001 2276822
003 http://id.bnportugal.gov.pt/bib/catbnp/2276822
100 ## $a20260305d1984 m y0pory01030103ba
101 0# $apor
102 ## $aPT
200 1# $aMês Cultural em Santo Isidoro, Mafra, de 16-3-84 a 15-4-84$bVisual gráfico]$fAcção Católica Rural et. al.
210 #9 $a[S.l.]$cAcção Católica Rural,$d1984$eMafra :$gGráfica Gutenberg)
215 ## $a1 cartaz$ccolor.$d49,8x34,5 cm
317 ## $aColeção Madeira Luís
710 02 $aAcção Católica Rural$3249
711 02 $aCooperativa Agrícola dos Produtores de Leite do Concelho de Mafra$3226052
711 01 $aIsicoop Cooperativa de Construção Civil Crl$31989432
711 01 $aGrupo Desportivo e Cultural da Lagoa$31989434
711 01 $aGrupo Desportivo e Cultural de Monte Bom$31989435
711 01 $aGrupo Desportivo e Cultural de Santo Isidoro$31989436
801 #0 $aPT$bBN$gRPC
966 ## $lBN$mICONOG$sCT. 24142 A.$x3
971 ## $cCatmusica8$d20260305
995 ## $aPRR2026